000 00799nam0a22002291 4500
001 v19\rc\2016159
005 20080925105639.4
035 _a(NLR Aleph) 005097088
090 _a7355201
_c7355201
100 _a20080925d1903 u y0rusy50 ca
101 0 _arus
102 _aRU
105 _ay z |||||
200 1 _aУстав и программа утвержденных Министерством финансов "Бухгалтерских курсов" А.И. Тер-Каспарова в Баку
_e[Утв. в 1897 г.]
210 _aБаку
_d1903
215 _a20 с.
710 0 2 _aБухгалтерские курсы А.И. Тер-Каспарова
_cБаку
801 0 _aRU
_bNLR
_gpsbo
801 1 _aRU
_bProSoft-M
_2rusmarc
852 _aNLR
_j34.83.5.789
942 _cBOOK
980 _aNB